000 00299nam a22001337a 4500
005 20250526113131.0
008 170531b xxu||||| |||| 00| 0 eng d
022 _a0019-4875
245 _aINDIAN HORTICULTURE
260 _bICAR
_c2017
300 _a40
490 _aVolume 62
_aIssue 1
942 _cJRL
999 _c5464
_d5462